Success in Principles of Accounting (Record no. 1357)

MARC details
005 - DATE AND TIME OF LATEST TRANSACTION
control field 20250414075313.0
020 ## - INTERNATIONAL STANDARD BOOK NUMBER
International Standard Book Number 0-7195-4346-0
082 ## - DEWEY DECIMAL CLASSIFICATION NUMBER
Classification number 657 WHI
100 ## - MAIN ENTRY--PERSONAL NAME
Author name WHITEHEAD, G.
245 ## - TITLE STATEMENT
Title Success in Principles of Accounting
250 ## - EDITION STATEMENT
Edition statement 2nd Ed.
260 ## - PUBLICATION, DISTRIBUTION, ETC.
Place of publication, distribution, etc. London,
Name of publisher, distributor, etc. John Murray,
Date of publication, distribution, etc. 1992.
300 ## - PHYSICAL DESCRIPTION
Extent xiv, 450p.: ill.; figure, table.
Other physical details Index.
Dimensions 22cm.
942 ## - ADDED ENTRY ELEMENTS (KOHA)
Source of classification or shelving scheme Dewey Decimal Classification
Koha item type Books
Holdings
Date last seen Total checkouts Full call number Barcode Cost, replacement price Price effective from Koha item type Lost status Source of classification or shelving scheme Damaged status Not for loan Withdrawn status Home library Current library Shelving location Date acquired Cost, normal purchase price
04/14/2025   657 WHI 0000005223 45000.00 04/14/2025 Books   Dewey Decimal Classification       College of Business Education Main Library College of Business Education Main Library General Collection 05/13/2002 15000.00
04/14/2025   657 WHI 0000005224 45000.00 04/14/2025 Books   Dewey Decimal Classification       College of Business Education Main Library College of Business Education Main Library General Collection 05/13/2002 15000.00
05/31/2025   657 WHI 00000010538 45000.00 05/31/2025 Books   Dewey Decimal Classification       College of Business Education Main Library College of Business Education Main Library Special Reserve Collection 05/13/2002 15000.00